|
|
|
|
| LEADER |
00966nam a22002051i 4500 |
| 003 |
GR-PaULI |
| 005 |
20220210112445.0 |
| 008 |
211012s1971 gr a|||| |||| 00| 1 eng d |
| 952 |
|
|
|0 0
|1 0
|2 ddc
|4 0
|6 889_834000000000000_ΜΕΙ
|7 0
|9 329338
|a LISP
|b LISP
|c DON
|d 2014-11-28
|e ΒΑΛ
|i 126462
|l 0
|o 889.834 ΜΕΙ
|p 025000244539
|r 2021-10-12 00:00:00
|t 1
|w 2021-10-12
|y BK15
|z Δωρεά Βαλτινού
|
| 999 |
|
|
|c 184354
|d 184354
|
| 040 |
|
|
|a GR-PaULI
|b gre
|c GR-PaULI
|e AACR2
|
| 082 |
0 |
4 |
|2 23
|a 889.834
|
| 100 |
1 |
|
|9 145209
|a Μεϊμάρης, Σπύρος
|e συγγραφέας
|
| 245 |
1 |
0 |
|a Spyros Meimaris, Alexis Akrithakis :
|b texts, drawings.
|
| 246 |
1 |
|
|a Texts Spyros Meimaris, drawings Alexis Akrithakis
|
| 260 |
|
|
|a Athens :
|b Gallery T. Zoumboulakis,
|c 1971.
|
| 300 |
|
|
|a 1 τ. χωρίς σελιδαρίθμηση :
|b εικ. ;
|c 17 εκ.
|
| 700 |
1 |
|
|a Ακριθάκης, Αλέξης,
|d 1939-1994
|e εικονογράφος
|9 33968
|
| 942 |
|
|
|2 ddc
|c BK
|
| 998 |
|
|
|c ΓΚΟΓΚΟΥ
|d 2021-10
|